00748nam a2200157 a 450000100100000000500170001000800410002704000250006811101110009324500330020424600410023726000920027830000200037095201830039099900170057300004629020201002052750.0150715s2006 dr 000 0 spa d aDO-SdBNPbspacBNPHU2 aFestival de atabalesn(17 :d2006 : 24-26 nov.cSainaguá, San Cristobal, República Dominicana )97430510aXVII festival de atabales :.13aDecimoséptima festival de atabales aSainaguá, San Cristóbal, República Dominicana :bFundación Sol Naciente,c2006. a23 p. ;c21 cm. 0010718PDaPDbPDcHDd2015-07-15iLF1l0o p46290-10r2020-06-25w2020-06-25yLFPDzPerteneció a la biblioteca personal de Chiqui Vicioso / Fidelio Despradel.ZNo se presta c45779d45779